Fast Typing G - Statistics

General Stats
  • This quiz has been taken 89 times
    88 since last reset
  • The average score is 220 of 450
Answer Stats
G % Correct
g
100%
g
100%
g
100%
g
98%
g
98%
g
98%
g
98%
g
98%
g
98%
g
98%
g
98%
g
98%
g
96%
g
96%
g
96%
g
96%
g
96%
g
96%
g
96%
g
96%
g
96%
g
96%
g
96%
g
96%
g
93%
g
93%
g
93%
g
93%
g
93%
g
93%
g
91%
g
91%
g
91%
g
91%
g
91%
g
91%
g
91%
g
91%
g
91%
g
91%
g
91%
g
91%
g
91%
g
91%
g
91%
g
91%
g
91%
g
91%
g
91%
g
91%
g
89%
g
89%
g
87%
g
84%
g
84%
g
84%
g
84%
g
84%
g
84%
g
84%
g
84%
g
84%
g
84%
g
84%
g
84%
g
84%
g
84%
g
84%
g
84%
g
82%
g
82%
g
82%
g
82%
g
82%
g
82%
g
80%
g
80%
g
76%
g
76%
g
76%
g
76%
g
73%
g
73%
g
71%
g
71%
g
71%
g
67%
g
67%
g
67%
g
67%
g
64%
g
64%
g
62%
g
62%
g
62%
g
62%
g
62%
g
60%
g
58%
g
58%
g
58%
g
58%
g
58%
g
58%
g
58%
g
56%
g
56%
g
56%
g
56%
g
53%
g
51%
g
51%
g
51%
g
51%
g
51%
g
49%
g
49%
g
49%
g
49%
g
49%
g
49%
g
49%
g
49%
g
49%
g
49%
g
49%
g
49%
g
49%
g
49%
g
49%
g
49%
g
49%
g
49%
g
49%
g
49%
g
49%
g
49%
g
49%
g
49%
g
49%
g
49%
g
49%
g
49%
g
49%
g
49%
g
49%
g
49%
g
49%
g
49%
g
49%
g
49%
g
49%
g
49%
g
49%
g
49%
g
49%
g
49%
g
49%
g
49%
g
49%
g
49%
g
49%
g
49%
g
49%
g
49%
g
49%
g
49%
g
49%
g
49%
g
49%
g
49%
g
49%
g
49%
g
49%
g
49%
g
49%
g
49%
g
49%
g
47%
g
47%
g
47%
g
47%
g
47%
g
47%
g
47%
g
47%
g
47%
g
47%
g
47%
g
47%
g
47%
g
47%
g
47%
g
47%
g
47%
g
47%
g
47%
g
47%
g
47%
g
47%
g
47%
g
47%
g
47%
g
47%
g
47%
g
47%
g
47%
g
47%
g
47%
g
47%
g
47%
g
47%
g
47%
g
47%
g
47%
g
47%
g
47%
g
47%
g
47%
g
47%
g
47%
g
47%
g
47%
g
47%
g
47%
g
47%
g
47%
g
47%
g
47%
g
47%
g
47%
g
47%
g
47%
g
47%
g
47%
g
47%
g
47%
g
47%
g
47%
g
47%
g
47%
g
47%
g
47%
g
47%
g
47%
g
47%
g
47%
g
47%
g
47%
g
47%
g
47%
g
44%
g
44%
g
44%
g
44%
g
44%
g
44%
g
44%
g
44%
g
44%
g
44%
g
44%
g
44%
g
44%
g
44%
g
44%
g
44%
g
44%
g
42%
g
42%
g
42%
g
42%
g
42%
g
42%
g
40%
g
40%
g
40%
g
40%
g
40%
g
40%
g
40%
g
40%
g
40%
g
40%
g
40%
g
40%
g
36%
g
36%
g
36%
g
36%
g
36%
g
36%
g
36%
g
36%
g
33%
g
33%
g
31%
g
31%
g
31%
g
31%
g
31%
g
31%
g
31%
g
31%
g
31%
g
31%
g
31%
g
31%
g
31%
g
31%
g
31%
g
31%
g
31%
g
31%
g
31%
g
31%
g
31%
g
31%
g
31%
g
31%
g
31%
g
31%
g
31%
g
31%
g
31%
g
31%
g
31%
g
31%
g
31%
g
31%
g
31%
g
31%
g
31%
g
31%
g
31%
g
31%
g
31%
g
31%
g
31%
g
31%
g
31%
g
31%
g
31%
g
31%
g
31%
g
31%
g
31%
g
31%
g
31%
g
31%
g
31%
g
31%
g
31%
g
31%
g
31%
g
31%
g
31%
g
31%
g
31%
g
31%
g
31%
g
31%
g
31%
g
31%
g
31%
g
31%
g
31%
g
31%
g
31%
g
31%
g
31%
g
31%
g
31%
g
31%
g
31%
g
31%
g
31%
g
31%
g
31%
g
31%
g
31%
g
29%
g
29%
g
29%
g
29%
g
29%
g
29%
g
29%
g
27%
g
27%
g
27%
g
27%
g
24%
g
24%
g
24%
g
24%
g
24%
g
24%
g
24%
g
24%
g
24%
g
24%
g
24%
g
24%
g
24%
g
24%
g
24%
g
24%
g
24%
g
24%
g
24%
g
24%
g
24%
g
24%
g
24%
g
24%
g
24%
g
24%
g
24%
g
24%
g
24%
g
24%
g
24%
g
24%
g
24%
g
24%
g
24%
g
24%
g
24%
g
24%
g
24%
g
22%
g
22%
g
22%
g
22%
g
22%
g
22%
g
22%
g
22%
g
22%
g
20%
g
20%
g
20%
g
20%
g
20%
g
18%
g
18%
g
18%
g
18%
g
18%
No matching quizzes found
Score Distribution
Percent of People with Each Score
Percentile by Number Answered
Your Score History
You have not taken this quiz since the last reset